000
00255nam a2200097Ia 4500
001
722332
005
20250826163309.0
008
250824s9999 xx 000 0 und d
245
0
_a
YENİLİK SULTANLARI
_c
SEVİNÇ KUŞOĞLU
260
_b
GENÇ TİMAŞ YAYINLARI
999
_c
722332
_d
722332